Fe y compromiso (Registro nro. 32228)

Detalles MARC
000 -LEADER
fixed length control field 00281 a2200109 4500
001 - CONTROL NUMBER
control field ART_38600
005 - DATE AND TIME OF LATEST TRANSACTION
control field 20260410162011.0
008 - FIXED-LENGTH DATA ELEMENTS--GENERAL INFORMATION
fixed length control field 260409a
100 1# - MAIN ENTRY--PERSONAL NAME
Personal name Coppa, Carlos
245 10 - TITLE STATEMENT
Title Fe y compromiso
773 0# - HOST ITEM ENTRY
Title Anuario
Related parts - Nº 4 (ene./dic. 2000)
Record control number REV38525

No hay ítems disponibles.